Stolička riaditeľa láka záujemcov konkurz v zoo

Bibliographic Details
Format: Article
Language:Slovak
PhysicalDescription:Fotogr.
ISSN:1335-4566
Subjects:

MARC

LEADER 00000nab a2200000 a 4500
001 vtls010106440
003 SK-MaSNL
005 20260303080756.0
008 100615c20100615xo drz 0 0slo
038 |a KEVKJB 
040 |a KEVKJB  |b slo  |c KEVKJB  |e AACR2 
041 0 |a slo 
044 |a xo  |c SK 
080 |a 59:069.029  |2 2001 
245 0 0 |a Stolička riaditeľa láka záujemcov  |b konkurz v zoo  |c [autor] (pod) 
300 |b Fotogr. 
610 2 7 |a Zoologická záhrada (Košice, Slovensko)  |x riaditeľ  |2 kevkjb  |9 1083092 
651 7 |a Košice (Slovensko)  |2 kevkjb  |9 18694 
773 0 |t Košický Korzár  |g Roč. XIII, č. 136 (15.6.2010), s. 2  |x 1335-4566 
852 |a KEVKJB  |b KIS3GCP 
999 |c 1781931  |d 1783861